| 000 | 00802cam a2200265 a 4500 | ||
|---|---|---|---|
| 001 | 3349357 | ||
| 003 | NUST - PNEC | ||
| 005 | 20170116181101.0 | ||
| 008 | 870127s1984 pk 000 0aeng | ||
| 010 | _a 85931446 | ||
| 040 |
_aDLC _cLIBRARY _dDLC |
||
| 043 | _aa-ii--- | ||
| 050 | 0 | 0 |
_aPN5449.P28 _bZ735 1984 |
| 082 | _a920.02 KHA | ||
| 100 | 1 |
_aHasan, Khalid, _d1934-2009. |
|
| 245 | 1 | 0 |
_aScorecard / _cKhalid Hasan. |
| 250 | _a1st ed. | ||
| 260 |
_aLahore : _bWajidalis, _c1984. |
||
| 300 |
_a191 p. ; _c23 cm. |
||
| 600 | 1 | 0 |
_aHasan, Khalid, _d1934-2009 _xFriends and associates. |
| 650 | 0 |
_aBiography _zPakistan _vBiography. _912395 _xGeneral books |
|
| 906 |
_a7 _bcbc _corignew _d3 _encip _f19 _gy-gencatlg |
||
| 942 |
_2ddc _cBK |
||
| 999 |
_c68767 _d68767 |
||